[Event "Heusenstamm Sparkassen op-B 6th"]
[Site "Heusenstamm"]
[Date "2019.11.24"]
[Round "7"]
[White "Dinse, Michael"]
[Black "Scheerer, Julian"]
[Result "1/2-1/2"]
[WhiteElo "1709"]
[BlackElo "1483"]
[PlyCount "63"]
[EventDate "2019.11.21"]
[EventType "swiss"]
[EventRounds "7"]
[EventCountry "GER"]
[SourceTitle "CBM 194 Extra"]
[Source "ChessBase"]
[SourceDate "2020.03.31"]
[SourceVersion "1"]
[SourceVersionDate "2020.03.31"]
[SourceQuality "1"]

1. d4 d5 2. Nf3 Nf6 3. c4 e6 4. Bg5 Be7 5. e3 h6 6. Bh4 0-0 7. Be2 Ne4 8. Bxe7 Qxe7 9. 0-0 dxc4 10. Bxc4 c5 11. Bd3 Nf6 12. Nbd2 cxd4 13. Nxd4 Rd8 14. Qe2 Qd6 15. Ne4 Nxe4 16. Bxe4 f5 17. Bf3 e5 18. Nb5 Qb6 19. e4 Bd7 20. Nc3 f4 21. Nd5 Qd6 22. Rfd1 Nc6 23. Nxf4 Nd4 24. Qc4+ Kh8 25. Nd5 Nxf3+ 26. gxf3 Bh3 27. Ne3 Qg6+ 28. Kh1 Qf6 29. Qe2 Rf8 30. Re1 Qxf3+ 31. Qxf3 Rxf3 32. Kg1 1/2-1/2

[Event "Heusenstamm Sparkassen op-B 6th"]
[Site "Heusenstamm"]
[Date "2019.11.23"]
[Round "4"]
[White "Weyerer, Noah"]
[Black "Dinse, Michael"]
[Result "1-0"]
[WhiteElo "1362"]
[BlackElo "1709"]
[PlyCount "59"]
[EventDate "2019.11.21"]
[EventType "swiss"]
[EventRounds "7"]
[EventCountry "GER"]
[SourceTitle "CBM 194 Extra"]
[Source "ChessBase"]
[SourceDate "2020.03.31"]
[SourceVersion "1"]
[SourceVersionDate "2020.03.31"]
[SourceQuality "1"]

1. f4 d6 2. Nf3 g6 3. e4 Bg7 4. d3 Nc6 5. Be2 e5 6. c3 Nge7 7. 0-0 exf4 8. Bxf4 Ne5 9. d4 Nxf3+ 10. Bxf3 Nc6 11. Qd2 0-0 12. Na3 a6 13. Nc2 Rb8 14. Ne3 Qe7 15. Nd5 Qd8 16. Bh6 f5 17. Bxg7 Kxg7 18. Ne3 Ne7 19. Rae1 fxe4 20. Bxe4 Rxf1+ 21. Rxf1 d5 22. Bd3 Be6 23. Qf2 Qf8 24. Qh4 Bf7 25. Qf6+ Kg8 26. Ng4 Re8 27. Nh6+ Qxh6 28. Qxf7+ Kh8 29. Qxe8+ Ng8 30. Qe5+ 1-0

[Event "Heusenstamm Sparkassen op-B 6th"]
[Site "Heusenstamm"]
[Date "2019.11.22"]
[Round "3"]
[White "Dinse, Michael"]
[Black "Lietz, Helmuth"]
[Result "1/2-1/2"]
[WhiteElo "1709"]
[BlackElo "1519"]
[PlyCount "44"]
[EventDate "2019.11.21"]
[EventType "swiss"]
[EventRounds "7"]
[EventCountry "GER"]
[SourceTitle "CBM 194 Extra"]
[Source "ChessBase"]
[SourceDate "2020.03.31"]
[SourceVersion "1"]
[SourceVersionDate "2020.03.31"]
[SourceQuality "1"]

1. d4 d5 2. c4 c6 3. e3 Nf6 4. Nc3 Nbd7 5. Nf3 e6 6. Be2 dxc4 7. Bxc4 b5 8. Bd3 Bb7 9. a3 Bd6 10. 0-0 0-0 11. h3 Rc8 12. e4 e5 13. Be3 a6 14. b4 Re8 15. Bg5 Bb8 16. g3 Qc7 17. Rc1 Ba7 18. Bb1 exd4 19. Nxd4 Qe5 20. Be3 c5 21. Nf3 Qh5 22. Kg2 cxb4 1/2-1/2

[Event "Dortmund Sparkassen op-B 47th"]
[Site "Dortmund"]
[Date "2019.07.18"]
[Round "6"]
[White "Dohmann, Dorothea"]
[Black "Dinse, Michael"]
[Result "0-1"]
[WhiteElo "1710"]
[BlackElo "1619"]
[PlyCount "82"]
[EventDate "2019.07.13"]
[EventType "swiss"]
[EventRounds "9"]
[EventCountry "GER"]
[SourceTitle "CBM 192 Extra"]
[Source "Chessbase"]
[SourceDate "2019.11.06"]
[SourceVersion "1"]
[SourceVersionDate "2019.11.06"]
[SourceQuality "1"]

1. c4 Nf6 2. g3 c5 3. Nc3 Nc6 4. Bg2 g6 5. Nf3 Bg7 6. 0-0 d6 7. d3 0-0 8. Bd2 Bd7 9. Qc1 Rb8 10. Bh6 a6 11. Bxg7 Kxg7 12. a3 b5 13. Nd5 Nxd5 14. cxd5 Na5 15. b4 Nb7 16. Ng5 h6 17. Ne4 f5 18. Nd2 e5 19. dxe6 Bxe6 20. Bxb7 Rxb7 21. bxc5 Rc7 22. Qb2+ Kh7 23. cxd6 Qxd6 24. Rac1 Rfc8 25. Rxc7+ Rxc7 26. Rc1 Re7 27. Nf3 Bd5 28. Nd4 Bb7 29. Nb3 Qd5 30. f3 Ba8 31. Rc8 Rg7 32. Qc3 g5 33. e4 fxe4 34. fxe4 Qb7 35. Rf8 Qb6+ 36. Kg2 Qe3 37. Nd4 Bxe4+ 38. Nf3 g4 39. Qf6 Bxf3+ 40. Kf1 Qe2+ 41. Kg1 Qg2# 0-1

[Event "Dortmund Sparkassen op-B 47th"]
[Site "Dortmund"]
[Date "2019.07.15"]
[Round "3"]
[White "Dinse, Michael"]
[Black "Karpenko, Nikolaj"]
[Result "1-0"]
[WhiteElo "1619"]
[BlackElo "1852"]
[PlyCount "41"]
[EventDate "2019.07.13"]
[EventType "swiss"]
[EventRounds "9"]
[EventCountry "GER"]
[SourceTitle "CBM 192 Extra"]
[Source "Chessbase"]
[SourceDate "2019.11.06"]
[SourceVersion "1"]
[SourceVersionDate "2019.11.06"]
[SourceQuality "1"]

1. d4 Nf6 2. Nf3 d5 3. c4 e6 4. e3 c6 5. Nc3 Nbd7 6. Bd3 dxc4 7. Bxc4 Qc7 8. e4 Bb4 9. Qc2 e5 10. Bxf7+ Kf8 11. Bb3 exd4 12. Nxd4 Qe5 13. Ne6+ Ke7 14. 0-0 Bxc3 15. Bf4 Qxe4 16. Qxc3 Qf5 17. Rfe1 Qg6 18. Nf8+ Kd8 19. Nxg6 hxg6 20. Rad1 Rh5 21. Qe3 1-0

[Event "Schleswig-Holstein-ch Seniors-B"]
[Site "Bad Segeberg"]
[Date "2018.03.29"]
[Round "8"]
[White "Dinse, Michael"]
[Black "Jessen, Hilke"]
[Result "0-1"]
[WhiteElo "1716"]
[BlackElo "1903"]
[PlyCount "36"]
[EventDate "2018.03.24"]
[EventType "swiss"]
[EventRounds "9"]
[EventCountry "GER"]
[SourceTitle "EXT 2023"]
[Source "ChessBase"]
[SourceDate "2022.10.05"]
[SourceVersion "1"]
[SourceVersionDate "2022.10.05"]
[SourceQuality "1"]

1. d4 d5 2. Nf3 Nf6 3. c4 c6 4. Nc3 Bg4 5. e3 e6 6. Be2 Bd6 7. Nd2 Bxe2 8. Qxe2 0-0 9. e4 e5 10. dxe5 Bxe5 11. cxd5 cxd5 12. Nxd5 Nxd5 13. exd5 Re8 14. Ne4 f5 15. Ng5 Bc3+ 16. bxc3 Rxe2+ 17. Kxe2 Qxd5 18. Bb2 Qb5+ 0-1

[Event "Rostock SSC op 16th"]
[Site "Rostock"]
[Date "2017.07.26"]
[Round "2"]
[White "Wolf, Manuela"]
[Black "Dinse, Michael"]
[Result "0-1"]
[WhiteElo "938"]
[BlackElo "1679"]
[PlyCount "86"]
[EventDate "2017.07.26"]
[EventType "swiss"]
[EventRounds "7"]
[EventCountry "GER"]
[SourceTitle "EXT 2018"]
[Source "ChessBase"]
[SourceDate "2017.10.13"]
[SourceVersion "1"]
[SourceVersionDate "2017.10.13"]
[SourceQuality "1"]

1. e3 d5 2. d3 Nf6 3. Be2 g6 4. b3 Bg7 5. Bb2 0-0 6. Nd2 c6 7. h3 Qc7 8. Ngf3 Nbd7 9. 0-0 Re8 10. c4 e5 11. e4 d4 12. a4 Bf8 13. Ba3 Bxa3 14. Rxa3 a5 15. Qc2 Nc5 16. Rb1 Na6 17. Nh2 Qe7 18. Qb2 Nb4 19. Rc1 Nd7 20. Ndf3 Nc5 21. Bf1 Ncxd3 22. Bxd3 Nxd3 23. Qa1 Nxc1 24. Qxc1 Kg7 25. c5 h6 26. h4 f5 27. Nd2 Be6 28. g3 Rf8 29. Nhf3 fxe4 30. Nxe5 Bd5 31. Ng4 Qe6 32. Qd1 h5 33. Nh2 Qf6 34. Qe1 Rae8 35. Nc4 Bxc4 36. bxc4 Qd8 37. Kg2 b6 38. Rb3 bxc5 39. Rb7+ Rf7 40. Rxf7+ Kxf7 41. Kh3 Kg7 42. Qd1 e3 43. Qf3 e2 0-1

[Event "Harburg-chF 9th"]
[Site "Hamburg"]
[Date "2011.08.21"]
[Round "4"]
[White "Dinse, Michael"]
[Black "Raedisch, Peter"]
[Result "1-0"]
[WhiteElo "1673"]
[BlackElo "1757"]
[PlyCount "149"]
[EventDate "2011.08.19"]
[EventType "tourn"]
[EventRounds "5"]
[EventCountry "GER"]
[SourceTitle "EXT 2012"]
[Source "ChessBase"]
[SourceDate "2011.11.24"]
[SourceVersion "1"]
[SourceVersionDate "2011.11.24"]
[SourceQuality "1"]

1. d4 d5 2. c4 e6 3. Nc3 Nf6 4. Bg5 Be7 5. Bxf6 Bxf6 6. e3 0-0 7. Nf3 c6 8. Bd3 dxc4 9. Bxc4 Nd7 10. Qc2 h6 11. 0-0 Nb6 12. Bb3 Nd5 13. a3 Nxc3 14. bxc3 Re8 15. Rfd1 Qa5 16. Nd2 Qh5 17. Ne4 Be7 18. Ng3 Qa5 19. c4 Kh8 20. c5 f5 21. Rdb1 Qc7 22. Qe2 Rf8 23. f4 Rb8 24. a4 Qd8 25. a5 a6 26. Bc4 Bd7 27. Nf1 Bf6 28. Ra3 Qc7 29. Qa2 Rfe8 30. Rab3 Bd8 31. Bxa6 Qxa5 32. Qxa5 Bxa5 33. Rxb7 Rxb7 34. Rxb7 Rd8 35. Bc4 Kh7 36. Kf2 Kg6 37. Ra7 Bc3 38. Ke2 Kf6 39. h3 Be8 40. Nh2 Rb8 41. Ra2 Rb1 42. Nf3 Bh5 43. Kd3 Bxf3 44. gxf3 Be1 45. Ra6 Rd1+ 46. Ke2 Rc1 47. Rxc6 Rxc4 48. Kxe1 Ke7 49. Rc7+ Kf8 50. Kd2 h5 51. h4 Ra4 52. c6 Rc4 53. Rc8+ Ke7 54. c7 Kf7 55. Rh8 Rxc7 56. Rxh5 Kg6 57. Rh8 Kf7 58. h5 Ra7 59. h6 Ra2+ 60. Kc3 g6 61. Rb8 Rh2 62. h7 Rxh7 63. Rb7+ Kg8 64. Rxh7 Kxh7 65. Kc4 Kg7 66. Kc5 Kf7 67. Kd6 Kf6 68. e4 Kf7 69. e5 g5 70. fxg5 f4 71. Kd7 Kg6 72. Kxe6 Kxg5 73. d5 Kh4 74. Kf5 Kg3 75. Ke4 1-0

[Event "Harburg-chF 9th"]
[Site "Hamburg"]
[Date "2011.08.20"]
[Round "3"]
[White "Dinse, Michael"]
[Black "Sakel, Nicolai"]
[Result "1/2-1/2"]
[WhiteElo "1673"]
[BlackElo "1665"]
[PlyCount "44"]
[EventDate "2011.08.19"]
[EventType "tourn"]
[EventRounds "5"]
[EventCountry "GER"]
[SourceTitle "EXT 2012"]
[Source "ChessBase"]
[SourceDate "2011.11.24"]
[SourceVersion "1"]
[SourceVersionDate "2011.11.24"]
[SourceQuality "1"]

1. d4 Nf6 2. c4 e6 3. Nc3 Bb4 4. Qc2 c5 5. dxc5 0-0 6. Bf4 Bxc5 7. e3 b6 8. Nf3 Bb7 9. Be2 Nc6 10. a3 Rc8 11. 0-0 Be7 12. Rfd1 Na5 13. Nd2 d5 14. cxd5 Nxd5 15. Nb3 Nxb3 16. Qxb3 Bc5 17. Bc4 Qf6 18. Bxd5 exd5 19. Nxd5 Qg6 20. Qd3 Qe6 21. Nc3 Qc6 22. Qd5 Rcd8 1/2-1/2

[Event "Harburg-chG 7th"]
[Site "Hamburg"]
[Date "2009.07.03"]
[Round "1"]
[White "Dinse, Michael"]
[Black "Nonnenmacher, Lars"]
[Result "0-1"]
[WhiteElo "1755"]
[BlackElo "1706"]
[PlyCount "74"]
[EventDate "2009.07.03"]
[EventType "tourn"]
[EventRounds "5"]
[EventCountry "GER"]
[SourceTitle "EXT 2010"]
[Source "ChessBase"]
[SourceDate "2010.11.25"]
[SourceVersion "1"]
[SourceVersionDate "2010.11.25"]
[SourceQuality "1"]

1. d4 d5 2. c4 c6 3. e3 Nf6 4. Nc3 Qc7 5. cxd5 Nxd5 6. Bd2 Nxc3 7. bxc3 Bf5 8. f3 e5 9. e4 Be6 10. Bd3 Bd6 11. g3 f6 12. Ne2 b5 13. a4 bxa4 14. Qxa4 0-0 15. 0-0 Nd7 16. Bc4 Bf7 17. Bxf7+ Rxf7 18. f4 Nb6 19. Qa2 Raf8 20. Be3 h6 21. Qb3 Rb8 22. fxe5 Nd5 23. exd6 Qxd6 24. Qa2 Nxe3 25. Rf3 Ng4 26. h3 h5 27. hxg4 hxg4 28. Rf4 g5 29. Rxg4 Qd7 30. Nf4 Qxg4 31. Ne2 Qxe4 32. Rf1 Kg7 33. Rf2 Rh8 34. Rh2 Qe3+ 35. Kg2 Rxh2+ 36. Kxh2 Qf2+ 37. Kh1 Re7 0-1

[Event "Kiel op 21th"]
[Site "Kiel"]
[Date "2008.08.09"]
[Round "2"]
[White "Wrage, Steffen"]
[Black "Dinse, Michael"]
[Result "1-0"]
[WhiteElo "1840"]
[BlackElo "1665"]
[PlyCount "72"]
[EventDate "2008.08.09"]
[EventType "swiss"]
[EventRounds "9"]
[EventCountry "GER"]
[SourceTitle "EXT 2009"]
[Source "ChessBase"]
[SourceDate "2008.11.26"]
[SourceVersion "1"]
[SourceVersionDate "2008.11.26"]
[SourceQuality "1"]

1. e4 e6 2. d4 d5 3. Nc3 dxe4 4. Nxe4 Nf6 5. Nxf6+ gxf6 6. Bd3 Nc6 7. c3 f5 8. Nf3 Rg8 9. g3 Bd7 10. Qe2 Qe7 11. b4 a6 12. Bf4 Kd8 13. a4 Bg7 14. 0-0 a5 15. b5 Na7 16. Rfe1 Nc8 17. Qc2 c6 18. Bxf5 cxb5 19. axb5 Bxb5 20. Bxh7 Rh8 21. Be4 Nb6 22. Rab1 Ba4 23. Qa2 Ra6 24. Bd3 Bc6 25. Ne5 Bd5 26. Qe2 Na4 27. Qc2 Bxe5 28. Bxe5 f6 29. Bxa6 fxe5 30. Qxa4 Rxh2 31. Qxa5+ Ke8 32. Bb5+ Kf7 33. Kxh2 Kf6 34. g4 Kg5 35. Rxe5+ Kf4 36. Rh5 Kxg4 1-0

[Event "Harburg-chG 6th"]
[Site "Hamburg"]
[Date "2008.07.19"]
[Round "2"]
[White "Dinse, Michael"]
[Black "Olschok, Juergen"]
[Result "1-0"]
[WhiteElo "1665"]
[BlackElo "1626"]
[PlyCount "65"]
[EventDate "2008.07.18"]
[EventType "tourn"]
[EventRounds "5"]
[EventCountry "GER"]
[SourceTitle "EXT 2009"]
[Source "ChessBase"]
[SourceDate "2008.11.26"]
[SourceVersion "1"]
[SourceVersionDate "2008.11.26"]
[SourceQuality "1"]

1. d4 Nf6 2. Nf3 c5 3. e3 e6 4. c4 d5 5. Nc3 Nc6 6. dxc5 Bxc5 7. cxd5 exd5 8. Bb5 0-0 9. Bxc6 bxc6 10. 0-0 Bg4 11. Qc2 Bxf3 12. gxf3 Bd6 13. Ne2 Qe7 14. Ng3 g6 15. b3 Be5 16. Bb2 Bxb2 17. Qxb2 Qe6 18. Rac1 Nd7 19. Kg2 Rac8 20. Rfd1 f5 21. Qd4 a5 22. h4 Qe5 23. Ne2 Qxd4 24. Nxd4 Nb8 25. Ne6 Rf6 26. Nf4 Kf7 27. Nd3 Rd8 28. Rc5 d4 29. e4 fxe4 30. fxe4 Re6 31. f3 Kf6 32. Rxa5 Nd7 33. Re1 1-0

[Event "Harburg-chG 6th"]
[Site "Hamburg"]
[Date "2008.07.19"]
[Round "3"]
[White "Grove, Manfred"]
[Black "Dinse, Michael"]
[Result "1/2-1/2"]
[WhiteElo "1680"]
[BlackElo "1665"]
[PlyCount "48"]
[EventDate "2008.07.18"]
[EventType "tourn"]
[EventRounds "5"]
[EventCountry "GER"]
[SourceTitle "EXT 2009"]
[Source "ChessBase"]
[SourceDate "2008.11.26"]
[SourceVersion "1"]
[SourceVersionDate "2008.11.26"]
[SourceQuality "1"]

1. e4 b6 2. d4 Bb7 3. Nf3 Bxe4 4. Nc3 Bb7 5. Bc4 e6 6. 0-0 Nf6 7. d5 Be7 8. dxe6 dxe6 9. Bf4 Qxd1 10. Raxd1 Bxf3 11. gxf3 c6 12. a4 Nd5 13. Nxd5 exd5 14. Rxd5 cxd5 15. Bxd5 0-0 16. Bxa8 Nd7 17. Be4 Nc5 18. b3 Rd8 19. Re1 Ne6 20. Be3 Bb4 21. Rc1 Bc3 22. Bd3 g6 23. Rd1 Nd4 24. Bxd4 Rxd4 1/2-1/2

[Event "Harburg-chG 5th"]
[Site "Hamburg"]
[Date "2007.07.08"]
[Round "4"]
[White "Dinse, Michael"]
[Black "Kunze, Sebastian"]
[Result "1/2-1/2"]
[WhiteElo "1624"]
[BlackElo "1817"]
[PlyCount "103"]
[EventDate "2007.07.06"]
[EventType "tourn"]
[EventRounds "5"]
[EventCountry "GER"]
[SourceTitle "EXT 2008"]
[Source "ChessBase"]
[SourceDate "2007.11.25"]
[SourceVersion "1"]
[SourceVersionDate "2007.11.25"]
[SourceQuality "1"]

1. d4 d5 2. c4 e6 3. Nc3 Nf6 4. Bg5 Be7 5. e3 0-0 6. Nf3 b6 7. Bxf6 Bxf6 8. cxd5 exd5 9. Qc2 Bb7 10. Bd3 g6 11. h4 c5 12. h5 Qe7 13. 0-0-0 Nd7 14. hxg6 fxg6 15. dxc5 Rfc8 16. Bxg6 hxg6 17. Qxg6+ Qg7 18. Qxg7+ Kxg7 19. Nxd5 Rxc5+ 20. Nc3 Nf8 21. Nd4 Bxg2 22. Rdg1 Rg5 23. Rh2 Bb7 24. Rxg5+ Bxg5 25. Ndb5 Ne6 26. Nd6 Bc6 27. Nde4 Be7 28. a3 Rc8 29. Ng3 Kg6 30. Nge2 Bf3 31. Kb1 Bf6 32. Rh3 Ng5 33. Rg3 Bxc3 34. Nxc3 Rh8 35. Nb5 a6 36. Nd4 Rf8 37. Nxf3 Rxf3 38. Rxf3 Nxf3 39. Kc2 Kf5 40. Kc3 Ke4 41. Kb4 Ne5 42. f4 Ng4 43. a4 Nxe3 44. a5 Nd5+ 45. Kc4 bxa5 46. Kc5 a4 47. f5 Ke5 48. f6 Nxf6 49. Kb4 Kd5 50. Kxa4 Kc6 51. Ka5 Kb7 52. b4 1/2-1/2

[Event "Schleswig Holstein-ch B 62nd"]
[Site "Itzehoe"]
[Date "2007.04.06"]
[Round "9"]
[White "Nowack, Achim"]
[Black "Dinse, Michael"]
[Result "1/2-1/2"]
[WhiteElo "1713"]
[BlackElo "1620"]
[PlyCount "62"]
[EventDate "2007.03.31"]
[EventType "swiss"]
[EventRounds "9"]
[EventCountry "GER"]
[SourceTitle "EXT 2010"]
[Source "ChessBase"]
[SourceDate "2010.11.25"]
[SourceVersion "1"]
[SourceVersionDate "2010.11.25"]
[SourceQuality "1"]

1. e4 c5 2. Nc3 Nc6 3. f4 e6 4. Nf3 d5 5. e5 Nh6 6. d3 Be7 7. Be2 Nf5 8. 0-0 0-0 9. Kh1 Bd7 10. Qe1 Nb4 11. Bd1 d4 12. Ne4 Bc6 13. g4 Nh4 14. Qf2 Nxf3 15. Bxf3 f5 16. exf6 gxf6 17. Qg2 Rf7 18. a3 Nd5 19. Bd2 Qc7 20. f5 exf5 21. gxf5+ Rg7 22. Qh3 Ne3 23. Rg1 Bxe4 24. Rxg7+ Kxg7 25. Bxe4 Bd6 26. Bxe3 dxe3 27. Qxe3 Bxh2 28. Qf3 Bf4 29. Rg1+ Bg5 30. Bd5 Rd8 31. Be6 Rd4 1/2-1/2

[Event "Schleswig Holstein-ch B 62nd"]
[Site "Itzehoe"]
[Date "2007.04.03"]
[Round "5"]
[White "Carstens, Hans Henning"]
[Black "Dinse, Michael"]
[Result "0-1"]
[WhiteElo "1501"]
[BlackElo "1620"]
[PlyCount "53"]
[EventDate "2007.03.31"]
[EventType "swiss"]
[EventRounds "9"]
[EventCountry "GER"]
[SourceTitle "EXT 2010"]
[Source "ChessBase"]
[SourceDate "2010.11.25"]
[SourceVersion "1"]
[SourceVersionDate "2010.11.25"]
[SourceQuality "1"]

1. c4 e6 2. Nf3 Nf6 3. g3 c6 4. Bg2 d5 5. cxd5 exd5 6. d4 Bb4+ 7. Bd2 Qa5 8. a3 Bxd2+ 9. Qxd2 Qxd2+ 10. Nbxd2 0-0 11. 0-0 Re8 12. Rfe1 h6 13. Rac1 Bf5 14. Ne5 Nbd7 15. Nxd7 Nxd7 16. e4 dxe4 17. Nxe4 Bxe4 18. Bxe4 Nb6 19. b3 Rad8 20. Kg2 Kf8 21. Rcd1 Re7 22. Re2 Nd5 23. Rd3 Rc8 24. Bxd5 Rxe2 25. Bc4 b5 26. Rf3 bxc4 27. bxc4 0-1

[Event "Schleswig Holstein-ch B 62nd"]
[Site "Itzehoe"]
[Date "2007.03.31"]
[Round "1"]
[White "Teknis, Joannis"]
[Black "Dinse, Michael"]
[Result "1-0"]
[WhiteElo "1739"]
[BlackElo "1620"]
[PlyCount "40"]
[EventDate "2007.03.31"]
[EventType "swiss"]
[EventRounds "9"]
[EventCountry "GER"]
[SourceTitle "EXT 2010"]
[Source "ChessBase"]
[SourceDate "2010.11.25"]
[SourceVersion "1"]
[SourceVersionDate "2010.11.25"]
[SourceQuality "1"]

1. e4 e6 2. d4 b6 3. Nf3 Bb7 4. Bd3 c5 5. c3 Be7 6. 0-0 Ba6 7. Re1 Bxd3 8. Qxd3 d6 9. Bf4 Nd7 10. e5 cxd4 11. exd6 Bf6 12. cxd4 g5 13. Bd2 Nb8 14. Qe4 Na6 15. Nxg5 Bxg5 16. Bxg5 Qc8 17. Qe5 f6 18. Bxf6 Nxf6 19. Qxf6 Kd7 20. Qe7+ Kc6 1-0

[Event "Kiel op-B 19th"]
[Site "Kiel"]
[Date "2006.07.26"]
[Round "7"]
[White "Dinse, Michael"]
[Black "Koch, Alexander1111"]
[Result "1-0"]
[WhiteElo "1550"]
[BlackElo "1406"]
[PlyCount "73"]
[EventDate "2006.07.22"]
[EventType "swiss"]
[EventRounds "9"]
[EventCountry "GER"]
[SourceTitle "CBM 113 Extra"]
[Source "ChessBase"]
[SourceDate "2006.09.14"]
[SourceVersion "1"]
[SourceVersionDate "2006.09.14"]
[SourceQuality "1"]

1. e4 Nf6 2. e5 Nd5 3. Nc3 e6 4. Bc4 Nb6 5. Bb3 Nc6 6. d4 d5 7. Nf3 Be7 8. Qe2 0-0 9. Bf4 a5 10. Na4 Nxa4 11. Bxa4 Bd7 12. Bxc6 Bxc6 13. a4 f6 14. 0-0 fxe5 15. Qxe5 Qd7 16. Qxc7 Qxc7 17. Bxc7 Rfc8 18. Be5 b5 19. axb5 Bxb5 20. Rfc1 a4 21. Ne1 a3 22. bxa3 Bxa3 23. Rcb1 Bb2 24. Rxa8 Rxa8 25. f4 Ra1 26. Rxb2 Rxe1+ 27. Kf2 Re2+ 28. Kf3 Ba6 29. Rb6 Bc4 30. Rb8+ Kf7 31. Rb7+ Kg6 32. Rxg7+ Kh6 33. Rg5 Rxe5 34. dxe5 Be2+ 35. Kxe2 d4 36. Rg3 d3+ 37. Rxd3 1-0

[Event "Kiel op-B 19th"]
[Site "Kiel"]
[Date "2006.07.23"]
[Round "4"]
[White "Hoeger, Philipp"]
[Black "Dinse, Michael"]
[Result "1/2-1/2"]
[WhiteElo "1451"]
[BlackElo "1550"]
[PlyCount "94"]
[EventDate "2006.07.22"]
[EventType "swiss"]
[EventRounds "9"]
[EventCountry "GER"]
[SourceTitle "CBM 113 Extra"]
[Source "ChessBase"]
[SourceDate "2006.09.14"]
[SourceVersion "1"]
[SourceVersionDate "2006.09.14"]
[SourceQuality "1"]

1. c4 e6 2. Nc3 b6 3. Nf3 Bb7 4. d3 f5 5. g3 Nf6 6. Bg2 Be7 7. 0-0 0-0 8. Bf4 d6 9. Rb1 e5 10. Bd2 Nbd7 11. Ng5 Bxg2 12. Kxg2 Qc8 13. Ne6 Rf7 14. Nb5 Ne8 15. b4 Nb8 16. Ng5 Rf6 17. Nc3 Rg6 18. Nd5 Bd8 19. h4 c6 20. Nc3 h6 21. Nf3 Nf6 22. Rh1 Nh5 23. e3 f4 24. Nxe5 Nxg3 25. Nxg6 Nxh1 26. Nxf4 Nxf2 27. Kxf2 Bxh4+ 28. Kf1 Qf5 29. Qh5 Bg5 30. Qe8+ Kh7 31. Qe4 g6 32. Qxf5 gxf5 33. Ne6 Nd7 34. Nxg5+ hxg5 35. Ke2 Ne5 36. e4 f4 37. Rh1+ Kg6 38. Rg1 Kf6 39. Nd1 Rh8 40. Nf2 Rh2 41. Rh1 Rxh1 42. Nxh1 f3+ 43. Ke3 g4 44. Ng3 Kg5 45. d4 Nxc4+ 46. Kd3+ Nxd2 47. Kxd2 Kf4 1/2-1/2

[Event "Schleswig Holstein-ch A 57th"]
[Site "Ratzeburg"]
[Date "2002.10.12"]
[Round "1"]
[White "Dinse, Michael"]
[Black "Kloppenburg, Geert T"]
[Result "1-0"]
[WhiteElo "1650"]
[BlackElo "1400"]
[PlyCount "59"]
[EventDate "2002.10.12"]
[EventType "swiss"]
[EventRounds "9"]
[EventCountry "GER"]
[SourceTitle "EXT 2010"]
[Source "ChessBase"]
[SourceDate "2010.11.25"]
[SourceVersion "1"]
[SourceVersionDate "2010.11.25"]
[SourceQuality "1"]

1. d4 e6 2. c4 d5 3. Nc3 Nf6 4. e3 c5 5. Nf3 cxd4 6. Nxd4 a6 7. Be2 e5 8. Nb3 Be6 9. Nd2 d4 10. exd4 exd4 11. Nce4 Be7 12. Bd3 Nbd7 13. b3 Ne5 14. Nxf6+ Bxf6 15. Be4 Rb8 16. 0-0 d3 17. Rb1 Bg4 18. Nf3 Nxf3+ 19. Bxf3 Bxf3 20. Qxf3 0-0 21. Bf4 Rc8 22. Rbd1 Qa5 23. Rxd3 Qxa2 24. Qxb7 Rfe8 25. Rd7 Qe2 26. Be3 Rb8 27. Qxa6 Ra8 28. Ra7 Rad8 29. c5 Be5 30. Qxe2 1-0